| 000 | 00520nam a22001817a 4500 | ||
|---|---|---|---|
| 003 | BD-DhUL | ||
| 005 | 20201018102609.0 | ||
| 008 | 160731s2010 xxua|||| |||| 000 0 eng d | ||
| 040 |
_cBD-DhUL _dBD-DhUL |
||
| 082 |
_a954.92 _bCHE |
||
| 100 | 1 | _aChowdhury, Nuruzzaman. | |
| 245 |
_aAn essay book of national importance / _cNuruzzaman Chowdhury. |
||
| 250 | _a2nd ed. | ||
| 260 |
_aDhaka. _bDiploma in Montessori Education, _c2010. |
||
| 300 |
_axv, 319 p. : _bill. ; _c22 cm. |
||
| 365 |
_aBDT _b350.00 |
||
| 942 |
_2ddc _cBK |
||
| 999 |
_c90492 _d90492 |
||